000 00874cam a22001934a 4500
005 20250605163931.0
008 250528s ||||||||||||||||||||||||d
035 _a14667
020 _a631194266
040 _aGR-AtMCL
_bgre
_dGR-AtMCL
_eAACR2
245 1 _aThe Foundations of Child Development
260 _bBlackwell Publishers,
_c1998
300 _a328
520 _aA detailed and thorough undergraduate-level introduction to the central concepts, theories, current issues and research evidence in developmental psychology. Introduction, Images of Childhood and Theories of Development, Evolution and Development, Sensation to Perception, The Genesis of Thought, Infant Individuality, Interactions in Development, First Relationships, Acknowledgements, Name Index, Subject Index.
700 1 _aOates John
_9411
942 _cBK
999 _c290
_d290